Creative Water Color (Record no. 239495)

MARC details
000 -LEADER
fixed length control field 00312pam a2200133 a 4500
020 ## - INTERNATIONAL STANDARD BOOK NUMBER
Terms of availability
041 ## - LANGUAGE CODE
Language code of original
082 ## - DEWEY DECIMAL CLASSIFICATION NUMBER
Classification number 751.422
Item number MOS
100 ## - MAIN ENTRY--PERSONAL NAME
Personal name Marica Moses .
245 ## - TITLE STATEMENT
Title Creative Water Color
Medium Textual Documents
260 ## - PUBLICATION, DISTRIBUTION, ETC.
Place of publication, distribution, etc. [s.l]:
Name of publisher, distributor, etc. Sterling Publishing Co. in.com
300 ## - PHYSICAL DESCRIPTION
Extent 160:
Other physical details paper.
930 ## - EQUIVALENCE OR CROSS-REFERENCE-UNIFORM TITLE HEADING [LOCAL, CANADA]
Uniform title 5705
Holdings
Withdrawn status Lost status Damaged status Not for loan Collection Home library Current library Date acquired Source of acquisition Cost, normal purchase price Total Checkouts Full call number Barcode Date last seen Copy number Price effective from Koha item type
          College of Fine Arts, Pune College of Fine Arts, Pune 27/11/2010 Bhararti Sahakari Grahak Bhandar 490.00   751.422 MOS FAP-6032 07/03/2023 1 07/03/2023 Book